Top 20 DreamWorks Animated Films (IMDB) - Statistics

General Stats
  • This quiz has been taken 244 times
    69 since last reset
  • The average score is 11 of 23
Answer Stats
Film Year IMDB % Correct
Shrek 2001 7.9
100%
Shrek 2 2004 7.4
88%
How to Train Your Dragon 2010 8.1
77%
How to Train Your Dragon 2025 7.8
77%
Kung Fu Panda 2008 7.6
70%
Kung Fu Panda 2 2011 7.3
63%
Kung Fu Panda 3 2016 7.1
62%
How to Train Your Dragon 2 2014 7.8
58%
Madagascar 2005 6.9
57%
Puss in Boots: The Last Wish 2022 7.8
47%
The Prince of Egypt 1998 7.2
42%
Megamind 2010 7.3
37%
The Wild Robot 2024 8.2
37%
Rise of the Guardians 2012 7.2
30%
Spirit: Stallion of the Cimarron 2002 7.2
30%
Chicken Run 2000 7.1
28%
How to Train Your Dragon: The Hidden World 2019 7.4
27%
The Bad Guys 2022 6.9
25%
The Croods 2013 7.1
25%
The Road to El Dorado 2000 6.9
25%
Abominable 2019 7.0
22%
Wallace & Gromit: The Curse of the Were-Rabbit 2004 7.5
17%
The Croods: A New Age 2020 6.9
8%
No matching quizzes found
Score Distribution
Percent of People with Each Score
Percentile by Number Answered
Your Score History
You have not taken this quiz since the last reset